| 000 | 00724nam a2200193Ia 4500 | ||
|---|---|---|---|
| 003 | GCL | ||
| 008 | 140319s9999 xx 000 0 ara d | ||
| 040 |
_aGCL / _cGCL |
||
| 082 | 0 | 4 |
_a810.8 _bم ح |
| 100 | 1 | _aمحمد غنيمى هلال | |
| 245 | 1 | 0 |
_aالحياةالعاطفية بين العزرية والصونحية:دراسات مقارنه حول موضوع ليلى والمجنون / _cمحمد غنيمى هلال |
| 260 |
_a[S.N] : _bدار نهضة مصر للطبع والنشر ، _c1976 |
||
| 300 | _a310 ص | ||
| 490 |
_aمن مسائل الادب المقارن _v0 |
||
| 650 | 0 | 4 | _aالادب العربى |
| 650 | 0 | 4 | _aالادب المقارن |
| 650 | 0 | 4 | _aتاريخ ونقد |
| 942 |
_2ddc _cBK |
||
| 999 |
_c32275 _d32275 |
||